| 000 | 00848cam a22002535a 4500 | ||
|---|---|---|---|
| 001 | 016385946 | ||
| 003 | EG-ScBUE | ||
| 005 | 20220905093347.0 | ||
| 008 | 130508s2012 -hka f 000 0 eng d | ||
| 020 | _a9787535656056 | ||
| 040 |
_aStDuBDS _beng _erda _cStDuBDS _dEG-ScBUE |
||
| 082 | 0 | 4 |
_a720 _222 _bRIS |
| 245 | 0 | 4 |
_aThe rise of innovative architecture : _bleading in future through bionics, green concept, high technology and originality. |
| 264 | 1 |
_aNorth Point, HK : _bTang Art Design & Information Group Limited, _c2012. |
|
| 300 |
_a459 pages : _billustrations ; _c45 cm |
||
| 336 |
_2rdacontent _atext _btxt |
||
| 337 |
_2rdamedia _aunmediated _bn |
||
| 338 |
_2rdacarrier _avolume _bnc |
||
| 650 | 7 |
_aArchitecture. _2BUEsh _95773 |
|
| 651 | _2BUEsh | ||
| 653 |
_bENGARC _cDecember2016 |
||
| 655 |
_vReading book _934232 |
||
| 942 |
_2ddc _cBB |
||
| 999 |
_c23756 _d23728 |
||